| 000 | 00660nam a22002292 4500 | ||
|---|---|---|---|
| 001 | 0000005367 | ||
| 005 | 20151217154352.0 | ||
| 008 | 070612s xx 000 0 eng d | ||
| 020 |
_a8179921905 : _cKES 4,900 |
||
| 040 |
_aKABU _cKABU |
||
| 050 | 0 |
_aZ693 _b.K36 2003 |
|
| 100 | 1 |
_aKao, Mary Liu. _@0000156645 |
|
| 245 | 1 | 0 | _aCataloguing and classification for library personnel. |
| 250 | _a2nd ed. | ||
| 260 |
_aMumbai : _bJaico, _c2003. |
||
| 300 | _axiii, 146 p. | ||
| 650 | 0 |
_aCataloguing. _@0000156644 |
|
| 650 | 0 |
_aClassification _xBooks. _@0000156646 |
|
| 908 | _a070612 | ||
| 950 | _@1 | ||
| 999 |
_c10834 _d10834 |
||